Phòng trị bệnh thận và sỏi đường niệu = Niệu kết thạch phòng trị vấn đáp
Salvato in:
| Autore principale: | |
|---|---|
| Natura: | Libro |
| Lingua: | Undetermined |
| Pubblicazione: |
H.
Y Học
2003
|
| Soggetti: | |
| Tags: |
Aggiungi Tag
Nessun Tag, puoi essere il primo ad aggiungerne! !
|
| Thư viện lưu trữ: | Trung tâm Học liệu Trường Đại học Cần Thơ |
|---|
| LEADER | 00709nam a2200217Ia 4500 | ||
|---|---|---|---|
| 001 | CTU_59550 | ||
| 008 | 210402s9999 xx 000 0 und d | ||
| 020 | |b 50000 | ||
| 082 | |a 616.63 | ||
| 082 | |b M312 | ||
| 100 | |a Lưu Phương Minh | ||
| 245 | 0 | |a Phòng trị bệnh thận và sỏi đường niệu = | |
| 245 | 0 | |b Niệu kết thạch phòng trị vấn đáp | |
| 245 | 0 | |c Lưu Phương Minh, Phan Chính Dược và Dương Quế Linh; Nguyễn Kim Dân biên dịch | |
| 260 | |a H. | ||
| 260 | |b Y Học | ||
| 260 | |c 2003 | ||
| 650 | |a urinary organs | ||
| 650 | |x diseases | ||
| 904 | |i Minh | ||
| 980 | |a Trung tâm Học liệu Trường Đại học Cần Thơ | ||